[Event "Turning Torso Chess Event 2021"]
[Site "Malmoe"]
[Date "2021.08.22"]
[Round "14.5"]
[White "Schussler, Harry"]
[Black "Westerberg, Jonathan"]
[Result "1/2-1/2"]
[WhiteElo "2410"]
[BlackElo "2526"]
[Annotator "RC"]
[PlyCount "205"]
[EventDate "2021.08.20"]
[EventType "tourn"]
[EventCountry "SWE"]
[SourceTitle "playchess.com"]
[Source "ChessBase"]
[SourceQuality "1"]
[TimeControl "900+5"]

1. d4 {[%emt 0:00:02]} d5 {[%emt 0:00:23]} 2. Nf3 {[%emt 0:00:06]} Nf6 {
[%emt 0:00:04]} 3. c4 {[%emt 0:00:03]} dxc4 {[%emt 0:00:09]} 4. e3 {[%emt 0:00:
10]} Bg4 {[%emt 0:00:03]} 5. Bxc4 {[%emt 0:00:11]} e6 {[%emt 0:00:02]} 6. h3 {
[%emt 0:00:20]} Bh5 {[%emt 0:00:01]} 7. O-O {[%emt 0:00:42]} a6 {[%emt 0:00:06]
} 8. Nc3 {[%emt 0:00:43]} Nc6 {[%emt 0:00:24]} 9. b3 {[%emt 0:01:21]} Bd6 {
[%emt 0:00:05]} 10. Bb2 {[%emt 0:00:09]} O-O {[%emt 0:00:03]} 11. Be2 {[%emt 0:
00:23]} Qe8 {[%emt 0:04:29]} 12. Rc1 {[%emt 0:02:58]} Rd8 {[%emt 0:01:00]} 13.
Nd2 {[%emt 0:00:22]} Bxe2 {[%emt 0:00:35]} 14. Qxe2 {[%emt 0:00:02]} e5 {
[%emt 0:00:01]} 15. d5 {[%emt 0:01:19]} Ne7 {[%emt 0:00:03]} 16. e4 {[%emt 0:
00:06]} Ng6 {[%emt 0:00:12]} 17. g3 {[%emt 0:00:34]} Nd7 {[%emt 0:00:05]} 18.
Nc4 {[%emt 0:00:16]} Bc5 {[%emt 0:00:41]} 19. Ne3 {[%emt 0:00:23]} Ne7 {
[%emt 0:00:21]} 20. Na4 {[%emt 0:00:18]} Bd6 {[%emt 0:00:06]} 21. Nc3 {[%emt 0:
00:21]} b5 {[%emt 0:00:48]} 22. a4 {[%emt 0:00:21]} Nc5 {[%emt 0:00:07]} 23.
Qc2 {[%emt 0:00:16]} Qd7 {[%emt 0:00:25]} 24. axb5 {[%emt 0:00:13]} axb5 {
[%emt 0:00:01]} 25. Kh2 {[%emt 0:00:44]} f5 {[%emt 0:00:27]} 26. exf5 {[%emt 0:
00:15]} Nxf5 {[%emt 0:00:02]} 27. Nxf5 {[%emt 0:00:10]} Rxf5 {[%emt 0:00:02]}
28. Ne4 {[%emt 0:01:51]} Nxe4 {[%emt 0:01:20]} 29. Qxe4 {[%emt 0:00:02]} Rdf8 {
[%emt 0:00:01]} 30. Kg2 {[%emt 0:00:26]} Qf7 {[%emt 0:00:25]} 31. Rc2 {[%emt 0:
00:14]} Rf3 {[%emt 0:00:10]} 32. Bc1 {[%emt 0:00:55]} Rxb3 {[%emt 0:00:23]} 33.
Be3 {[%emt 0:00:03]} Rb4 {[%emt 0:00:48]} 34. Qd3 {[%emt 0:00:09]} Qf3+ {
[%emt 0:00:01]} 35. Kg1 {[%emt 0:00:27]} e4 {[%emt 0:00:18]} 36. Qe2 {[%emt 0:
00:36]} Qf5 {[%emt 0:00:01]} 37. Kg2 {[%emt 0:00:10]} Qxd5 {[%emt 0:00:08]} 38.
Rd1 {[%emt 0:00:14]} Qf5 {[%emt 0:01:20]} 39. Qd2 {[%emt 0:00:01]} Qf3+ {
[%emt 0:00:38]} 40. Kg1 {[%emt 0:00:08]} Qf7 {[%emt 0:00:44]} 41. Bc5 {[%emt 0:
00:11]} Bxc5 {[%emt 0:00:15]} 42. Rxc5 {[%emt 0:00:01]} Rb3 {[%emt 0:00:18]}
43. Rdc1 {[%emt 0:00:15]} Rd3 {[%emt 0:00:21]} 44. Qe2 {[%emt 0:00:07]} Rd7 {
[%emt 0:00:16]} 45. Rxb5 {[%emt 0:00:03]} Kh8 {[%emt 0:00:21]} 46. Re5 {
[%emt 0:00:02]} Re7 {[%emt 0:00:08]} 47. Rcc5 {[%emt 0:00:06]} Rd7 {[%emt 0:00:
09]} 48. Rxe4 {[%emt 0:00:03]} h6 {[%emt 0:00:03]} 49. Rce5 {[%emt 0:00:02]}
Rfd8 {[%emt 0:00:07]} 50. Re8+ {[%emt 0:00:02]} Kh7 {[%emt 0:00:02]} 51. Rxd8 {
[%emt 0:00:02]} Rxd8 {[%emt 0:00:01]} 52. Re7 {[%emt 0:00:01]} Qg6 {[%emt 0:00:
13]} 53. Rxc7 {[%emt 0:00:07]} Re8 {[%emt 0:00:02]} 54. Re7 {[%emt 0:00:03]}
Rxe7 {[%emt 0:00:08]} 55. Qxe7 {[%emt 0:00:01]} Qf5 {[%emt 0:00:02]} 56. h4 {
[%emt 0:00:05]} Qb1+ {[%emt 0:00:02]} 57. Kg2 {[%emt 0:00:02]} Qf5 {[%emt 0:00:
03]} 58. Qe3 {[%emt 0:00:02]} Qd5+ {[%emt 0:00:05]} 59. Qf3 {[%emt 0:00:01]}
Qe6 {[%emt 0:00:03]} 60. Qd3+ {[%emt 0:00:02]} Kh8 {[%emt 0:00:01]} 61. Qd8+ {
[%emt 0:00:02]} Kh7 {[%emt 0:00:01]} 62. Qd3+ {[%emt 0:00:00]} Kh8 {[%emt 0:00:
01]} 63. Kf3 {[%emt 0:00:02]} Qf6+ {[%emt 0:00:02]} 64. Ke2 {[%emt 0:00:01]}
Qe5+ {[%emt 0:00:02]} 65. Qe3 {[%emt 0:00:02]} Qb5+ {[%emt 0:00:01]} 66. Kf3 {
[%emt 0:00:02]} Qf5+ {[%emt 0:00:01]} 67. Kg2 {[%emt 0:00:01]} Qd5+ {[%emt 0:
00:01]} 68. Kg1 {[%emt 0:00:01]} Qd1+ {[%emt 0:00:01]} 69. Kh2 {[%emt 0:00:02]}
Qd5 {[%emt 0:00:03]} 70. g4 {[%emt 0:00:06]} Qd6+ {[%emt 0:00:01]} 71. Kh3 {
[%emt 0:00:02]} Qc6 {[%emt 0:00:03]} 72. h5 {[%emt 0:00:04]} Qh1+ {[%emt 0:00:
03]} 73. Kg3 {[%emt 0:00:01]} Qg1+ {[%emt 0:00:02]} 74. Kf3 {[%emt 0:00:03]}
Qd1+ {[%emt 0:00:07]} 75. Qe2 {[%emt 0:00:03]} Qd5+ {[%emt 0:00:02]} 76. Kg3 {
[%emt 0:00:01]} Qd6+ {[%emt 0:00:02]} 77. Kg2 {[%emt 0:00:01]} Qd5+ {[%emt 0:
00:01]} 78. f3 {[%emt 0:00:01]} Qd6 {[%emt 0:00:07]} 79. Qe8+ {[%emt 0:00:04]}
Kh7 {[%emt 0:00:02]} 80. Qe4+ {[%emt 0:00:01]} Kh8 {[%emt 0:00:01]} 81. Kh3 {
[%emt 0:00:02]} Qd1 {[%emt 0:00:12]} 82. Qa8+ {[%emt 0:00:07]} Kh7 {[%emt 0:00:
01]} 83. Qe4+ {[%emt 0:00:02]} Kh8 {[%emt 0:00:01]} 84. Kg3 {[%emt 0:00:02]}
Qg1+ {[%emt 0:00:09]} 85. Kf4 {[%emt 0:00:02]} Qc1+ {[%emt 0:00:08]} 86. Kf5 {
[%emt 0:00:04]} Qg5+ {[%emt 0:00:02]} 87. Ke6 {[%emt 0:00:02]} Qf6+ {[%emt 0:
00:01]} 88. Kd5 {[%emt 0:00:02]} Qf7+ {[%emt 0:00:01]} 89. Kd4 {[%emt 0:00:05]}
Qf6+ {[%emt 0:00:01]} 90. Kd3 {[%emt 0:00:02]} Qd6+ {[%emt 0:00:08]} 91. Qd4 {
[%emt 0:00:05]} Qa6+ {[%emt 0:00:05]} 92. Ke3 {[%emt 0:00:03]} Qe6+ {[%emt 0:
00:01]} 93. Kf2 {[%emt 0:00:03]} Qa2+ {[%emt 0:00:08]} 94. Kg3 {[%emt 0:00:02]}
Qa6 {[%emt 0:00:23]} 95. f4 {[%emt 0:00:07]} Qa3+ {[%emt 0:00:10]} 96. Kh4 {
[%emt 0:00:05]} Qf3 {[%emt 0:00:18]} 97. g5 {[%emt 0:00:23]} hxg5+ {[%emt 0:00:
02]} 98. fxg5 {[%emt 0:00:15]} Qh1+ {[%emt 0:00:08]} 99. Kg4 {[%emt 0:00:03]}
Qg2+ {[%emt 0:00:01]} 100. Kf5 {[%emt 0:00:07]} Qf3+ {[%emt 0:00:06]} 101. Kg6
{[%emt 0:00:56]} Qc6+ {[%emt 0:00:01]} 102. Kf7 {[%emt 0:00:07]} Qf3+ {[%emt 0:
00:05]} 103. Kg6 {[%emt 0:00:07]} 1/2-1/2

[Event "Turning Torso Chess Event 2021"]
[Site "Malmoe"]
[Date "2021.08.22"]
[Round "18.1"]
[White "Agrest, Evgenij"]
[Black "Pantzar, Milton"]
[Result "1/2-1/2"]
[WhiteElo "2568"]
[BlackElo "2424"]
[Annotator "ChessBase"]
[PlyCount "36"]
[EventDate "2021.08.20"]
[EventType "tourn"]
[EventCountry "SWE"]
[SourceTitle "playchess.com"]
[Source "ChessBase"]
[SourceQuality "1"]
[TimeControl "900+5"]

1. Nf3 {[%emt 0:00:03]} d5 {[%emt 0:00:05]} 2. e3 {[%emt 0:00:03]} Nf6 {
[%emt 0:00:05]} 3. c4 {[%emt 0:00:02]} e6 {[%emt 0:00:19]} 4. b3 {[%emt 0:00:
04]} b6 {[%emt 0:00:19]} 5. Bb2 {[%emt 0:00:03]} Bb7 {[%emt 0:00:03]} 6. Nc3 {
[%emt 0:00:09]} Nbd7 {[%emt 0:00:56]} 7. cxd5 {[%emt 0:00:04]} exd5 {[%emt 0:
00:02]} 8. Rc1 {[%emt 0:00:02]} a6 {[%emt 0:00:11]} 9. Bd3 {[%emt 0:00:19]} Bd6
{[%emt 0:00:24]} 10. Ne2 {[%emt 0:00:05]} O-O {[%emt 0:00:27]} 11. Bb1 {
[%emt 0:00:06]} Re8 {[%emt 0:00:27]} 12. O-O {[%emt 0:00:31]} Rc8 {[%emt 0:01:
11]} 13. Bf5 {[%emt 0:00:17]} Ra8 {[%emt 0:01:12]} 14. Qc2 {[%emt 0:00:09]} Qe7
{[%emt 0:00:10]} 15. Ng3 {[%emt 0:00:54]} g6 {[%emt 0:00:15]} 16. Bh3 {[%emt 0:
00:16]} c5 {[%emt 0:01:27]} 17. d4 {[%emt 0:00:06]} cxd4 {[%emt 0:02:12]} 18.
Nxd4 {[%emt 0:01:17]} Nc5 {[%emt 0:00:37]} 1/2-1/2

[Event "Turning Torso Chess Event 2021"]
[Site "Malmoe"]
[Date "2021.08.22"]
[Round "11.5"]
[White "Westerberg, Jonathan"]
[Black "Hellers, Ferdinand"]
[Result "0-1"]
[WhiteElo "2526"]
[BlackElo "2592"]
[Annotator "TA"]
[PlyCount "62"]
[EventDate "2021.08.20"]
[EventType "tourn"]
[EventCountry "SWE"]
[SourceTitle "playchess.com"]
[Source "ChessBase"]
[SourceQuality "1"]

{[%evp 16,62,-13,-5,18,26,30,-25,-29,-32,-28,-37,-37,-43,-40,-32,-28,-24,-26,
-118,-114,-200,-188,-202,-218,-262,-253,-270,-248,-289,-277,-287,-304,-410,
-402,-406,-429,-569,-566,-516,-486,-2067,-2049,-1682,-1409,-29986,-29987,
-29989,-29990]} 1. e4 e6 2. Qe2 d5 3. d3 c5 4. Nf3 Nc6 5. g3 Nf6 6. Bg2 Be7 7.
O-O O-O 8. e5 Nd7 9. c4 b5 {C00: French: Unusual White 2nd moves.} 10. cxb5 Na5
11. Nc3 (11. Qc2 $142) 11... a6 $11 {Black has an edge.} 12. bxa6 Bxa6 {[#]}
13. Re1 $146 ({Predecessor:} 13. b3 Nc6 14. Rd1 Nb4 15. h4 Qc7 16. Bf4 Nb6 17.
Rac1 Rfd8 18. Bf1 c4 19. Qe3 {0-1 (39) Adla,D (2469)-Forcen Esteban,D (2526)
Aragon 2015}) 13... Nc6 14. h4 Nd4 15. Qd1 Qb8 (15... h6 {feels hotter.} 16. b3
Nc6 17. Bf4 Qb6 18. Na4 Qa7) 16. Nxd4 $1 cxd4 17. Nxd5 {White is now going
downhill.} (17. Ne2 $11 {remains equal.}) 17... exd5 $17 18. Bxd5 (18. e6 $17
Nf6 19. Bg5) 18... Bb7 19. Bxb7 Qxb7 20. Qg4 {Threatening Bh6!} Nc5 21. Bh6 {
[%csl Gh6][%cal Rg4g7] [#]} Ne6 22. Re2 Qb5 23. f4 Kh8 24. f5 gxh6 25. fxe6
Qxd3 {[#] And now ...Rg8 would win.} 26. exf7 Rxf7 27. Rg2 Rg8 28. Qh3 (28. Qe2
$142 Qxe2 29. Rxe2) 28... Rfg7 $19 {[%cal Rg7g3]} 29. Kh2 Qe4 30. e6 Bd6 31.
Rag1 Rg4 {Weighted Error Value: White=0.80/Black=0.04} 0-1

[Event "Turning Torso Chess Event 2021"]
[Site "Malmoe"]
[Date "2021.08.22"]
[Round "15.1"]
[White "Smith, Axel"]
[Black "Agrest, Evgenij"]
[Result "0-1"]
[WhiteElo "2451"]
[BlackElo "2568"]
[Annotator "ChessBase"]
[PlyCount "112"]
[EventDate "2021.08.20"]
[EventType "tourn"]
[EventCountry "SWE"]
[SourceTitle "playchess.com"]
[Source "ChessBase"]
[SourceQuality "1"]
[TimeControl "900+5"]

1. c4 {[%emt 0:00:02]} c6 {[%emt 0:00:03]} 2. Nf3 {[%emt 0:00:03]} d5 {[%emt 0:
00:01]} 3. e3 {[%emt 0:00:03]} Nf6 {[%emt 0:00:04]} 4. Nc3 {[%emt 0:00:05]} a6
{[%emt 0:00:02]} 5. d4 {[%emt 0:00:07]} e6 {[%emt 0:00:04]} 6. b3 {[%emt 0:00:
08]} Bb4 {[%emt 0:00:03]} 7. Bd2 {[%emt 0:00:07]} Bd6 {[%emt 0:00:02]} 8. Bd3 {
[%emt 0:00:17]} c5 {[%emt 0:00:02]} 9. cxd5 {[%emt 0:00:19]} exd5 {[%emt 0:00:
03]} 10. dxc5 {[%emt 0:00:18]} Bxc5 {[%emt 0:00:02]} 11. O-O {[%emt 0:00:11]}
O-O {[%emt 0:00:04]} 12. e4 {[%emt 0:00:30]} dxe4 {[%emt 0:01:16]} 13. Nxe4 {
[%emt 0:00:03]} Qxd3 {[%emt 0:00:02]} 14. Nxc5 {[%emt 0:00:02]} Qf5 {[%emt 0:
00:11]} 15. Rc1 {[%emt 0:03:16]} Nc6 {[%emt 0:00:48]} 16. Bg5 {[%emt 0:01:24]}
h6 {[%emt 0:02:29]} 17. Bxf6 {[%emt 0:00:16]} Qxf6 {[%emt 0:00:03]} 18. Nd7 {
[%emt 0:00:07]} Bxd7 {[%emt 0:00:13]} 19. Qxd7 {[%emt 0:00:02]} Rab8 {[%emt 0:
00:21]} 20. Qd3 {[%emt 0:04:25]} Rbd8 {[%emt 0:01:15]} 21. Qb1 {[%emt 0:00:37]}
Nb4 {[%emt 0:00:56]} 22. Rc4 {[%emt 0:01:03]} Nd5 {[%emt 0:00:09]} 23. Qa1 {
[%emt 0:00:11]} Qxa1 {[%emt 0:01:07]} 24. Rxa1 {[%emt 0:00:01]} Rfe8 {[%emt 0:
00:02]} 25. Kf1 {[%emt 0:00:09]} g5 {[%emt 0:01:11]} 26. g3 {[%emt 0:00:43]}
Kg7 {[%emt 0:00:31]} 27. Re1 {[%emt 0:00:07]} Rxe1+ {[%emt 0:00:43]} 28. Kxe1 {
[%emt 0:00:03]} b5 {[%emt 0:00:30]} 29. Rd4 {[%emt 0:00:04]} Re8+ {[%emt 0:00:
01]} 30. Kd2 {[%emt 0:00:17]} Nf6 {[%emt 0:00:03]} 31. Kd3 {[%emt 0:00:03]} Re6
{[%emt 0:00:04]} 32. a4 {[%emt 0:00:25]} bxa4 {[%emt 0:01:00]} 33. Rxa4 {
[%emt 0:00:08]} Rb6 {[%emt 0:00:12]} 34. Nd4 {[%emt 0:00:59]} Nd7 {[%emt 0:00:
11]} 35. b4 {[%emt 0:00:15]} Ne5+ {[%emt 0:00:27]} 36. Ke4 {[%emt 0:00:07]} Kf6
{[%emt 0:00:32]} 37. Nb3 {[%emt 0:00:16]} Nc6 {[%emt 0:00:29]} 38. Kd5 {
[%emt 0:00:13]} Ne7+ {[%emt 0:00:02]} 39. Kc4 {[%emt 0:00:10]} Kg7 {[%emt 0:00:
21]} 40. Nc5 {[%emt 0:00:01]} Rf6 {[%emt 0:00:02]} 41. Nxa6 {[%emt 0:00:21]}
Rxf2 {[%emt 0:00:05]} 42. b5 {[%emt 0:00:01]} Nc8 {[%emt 0:00:05]} 43. Kc5 {
[%emt 0:00:05]} Rxh2 {[%emt 0:00:03]} 44. Rc4 {[%emt 0:00:12]} h5 {[%emt 0:00:
19]} 45. b6 {[%emt 0:00:02]} Rb2 {[%emt 0:00:08]} 46. Nb4 {[%emt 0:00:09]} Nxb6
{[%emt 0:00:02]} 47. Kxb6 {[%emt 0:00:01]} Rb3 {[%emt 0:00:01]} 48. g4 {
[%emt 0:00:09]} h4 {[%emt 0:00:14]} 49. Kc5 {[%emt 0:00:02]} h3 {[%emt 0:00:01]
} 50. Rc2 {[%emt 0:00:14]} f5 {[%emt 0:00:13]} 51. gxf5 {[%emt 0:00:05]} g4 {
[%emt 0:00:00]} 52. Nd5 {[%emt 0:00:02]} g3 {[%emt 0:00:05]} 53. f6+ {[%emt 0:
00:01]} Kf7 {[%emt 0:00:06]} 54. Re2 {[%emt 0:00:20]} g2 {[%emt 0:00:09]} 55.
Re7+ {[%emt 0:00:01]} Kf8 {[%emt 0:00:01]} 56. Rg7 {[%emt 0:00:03]} Rb1 {
[%emt 0:00:05]} 0-1

[Event "Turning Torso Chess Event 2021"]
[Site "Malmoe"]
[Date "2021.08.22"]
[Round "18.2"]
[White "Hellers, Ferdinand"]
[Black "Smith, Axel"]
[Result "1/2-1/2"]
[WhiteElo "2592"]
[BlackElo "2451"]
[Annotator "ChessBase"]
[PlyCount "43"]
[EventDate "2021.08.20"]
[EventType "tourn"]
[EventCountry "SWE"]
[SourceTitle "playchess.com"]
[Source "ChessBase"]
[SourceQuality "1"]
[TimeControl "900+5"]

1. e4 {[%emt 0:00:03]} c5 {[%emt 0:00:01]} 2. Nf3 {[%emt 0:00:06]} Nc6 {
[%emt 0:00:01]} 3. d4 {[%emt 0:00:09]} cxd4 {[%emt 0:00:01]} 4. Nxd4 {[%emt 0:
00:02]} g6 {[%emt 0:00:01]} 5. c4 {[%emt 0:00:10]} Bg7 {[%emt 0:00:02]} 6. Be3
{[%emt 0:00:02]} d6 {[%emt 0:00:01]} 7. Nc3 {[%emt 0:00:06]} Qb6 {[%emt 0:00:
09]} 8. Nb3 {[%emt 0:01:14]} Bxc3+ {[%emt 0:00:20]} 9. bxc3 {[%emt 0:00:04]}
Qc7 {[%emt 0:00:01]} 10. Be2 {[%emt 0:00:49]} Nf6 {[%emt 0:00:11]} 11. f3 {
[%emt 0:00:02]} O-O {[%emt 0:00:11]} 12. O-O {[%emt 0:01:30]} b6 {[%emt 0:00:
10]} 13. Nd2 {[%emt 0:01:47]} Ba6 {[%emt 0:01:05]} 14. Rb1 {[%emt 0:01:49]}
Rac8 {[%emt 0:00:41]} 15. f4 {[%emt 0:00:28]} Rfe8 {[%emt 0:01:14]} 16. Bd3 {
[%emt 0:00:35]} Nd7 {[%emt 0:01:02]} 17. Qf3 {[%emt 0:00:22]} Na5 {[%emt 0:01:
08]} 18. Rb4 {[%emt 0:01:07]} Nc5 {[%emt 0:00:10]} 19. Be2 {[%emt 0:00:24]} Nd7
{[%emt 0:01:28]} 20. Qg3 {[%emt 0:00:49]} Nc6 {[%emt 0:01:24]} 21. Rb2 {
[%emt 0:00:05]} Na5 {[%emt 0:00:05]} 22. Rb4 {[%emt 0:00:06]} 1/2-1/2

[Event "Turning Torso Chess Event 2021"]
[Site "Malmoe"]
[Date "2021.08.22"]
[Round "12.1"]
[White "Brynell, Stellan"]
[Black "Grandelius, Nils"]
[Result "0-1"]
[WhiteElo "2422"]
[BlackElo "2666"]
[Annotator "TA"]
[PlyCount "77"]
[EventDate "2021.08.20"]
[EventType "tourn"]
[EventCountry "SWE"]
[SourceTitle "playchess.com"]
[Source "ChessBase"]
[SourceQuality "1"]

{[%evp 15,77,10,12,14,10,14,18,-8,-12,-8,-2,0,0,-26,-27,-41,-41,-108,-106,-172,
-189,-163,-164,-168,-169,-168,-158,-302,-302,-308,-301,-296,-305,-295,-273,
-280,-275,-312,-310,-385,-367,-390,-366,-399,-381,-470,-460,-456,-431,-847,
-835,-792,-693,-831,-505,-686,-686,-1128,-539,-539,-539,-505,-437,-1700]} 1. e4
c6 2. c4 d5 3. exd5 cxd5 4. cxd5 Nf6 5. Nc3 Nxd5 6. Nf3 Nc6 7. Bb5 Nxc3 8. bxc3
g6 9. O-O {B10: Caro-Kann: 2 d3 and 2 c4.} Bg7 10. Re1 O-O 11. Qe2 {The
position is equal.} Bd7 12. d4 Re8 {[#]} 13. Bg5 $146 ({Predecessor:} 13. Bf4
a6 14. Bc4 e6 15. h4 Qa5 16. Qd2 Rac8 17. Bb3 Nb8 18. Rac1 Ba4 19. Ne5 Bxb3 20.
axb3 {1-0 (41) Krkljes,S (2178)-Sutkovic,D (2318) Rijeka 2007}) 13... a6 14.
Bd3 Qa5 15. Bd2 e5 {[%cal Re5d4]} 16. c4 {Black converts the advantage
convincingly.} (16. Be4 $15) 16... Qc7 $17 17. d5 {[#]} (17. Be4 $17 {is a
better defense.}) 17... e4 $1 $19 {[%cal Re4f3]} 18. Bxe4 Bxa1 19. Rxa1 {[#]}
Bf5 $1 20. dxc6 Bxe4 21. Bh6 (21. cxb7 $17 Bxb7 22. Qd3) 21... Qxc6 22. Qb2 {
[%csl Gh6][%cal Rb2g7]} f6 23. Nd4 Qxc4 24. Rc1 Qf7 25. f3 Bd5 26. a4 Rac8 27.
Rd1 Rcd8 28. h4 Bc6 29. a5 Qd5 30. Rd2 Qe5 {( -> ...Qe1+). Black is clearly
winning.} ({Weaker is} 30... Re1+ 31. Kf2 $19) 31. Rd1 Qh5 32. Bf4 (32. Qc1
$142) 32... Qxh4 33. g3 Qh5 34. Qb3+ Qd5 35. Qc3 g5 36. Bc7 Rd7 37. Bb6 Qe5 38.
Kf2 h5 39. Rh1 {Weighted Error Value: White=0.61/Black=0.25} (39. Re1 $142
Qxe1+ 40. Qxe1 Rxe1 41. Kxe1) 0-1

[Event "Turning Torso Chess Event 2021"]
[Site "Malmoe"]
[Date "2021.08.22"]
[Round "15.2"]
[White "Pantzar, Milton"]
[Black "Hellers, Ferdinand"]
[Result "1-0"]
[WhiteElo "2424"]
[BlackElo "2592"]
[Annotator "ChessBase"]
[PlyCount "71"]
[EventDate "2021.08.20"]
[EventType "tourn"]
[EventCountry "SWE"]
[SourceTitle "playchess.com"]
[Source "ChessBase"]
[SourceQuality "1"]
[TimeControl "900+5"]

1. d4 {[%emt 0:00:03]} f5 {[%emt 0:00:03]} 2. c4 {[%emt 0:00:10]} Nf6 {[%emt 0:
00:02]} 3. Nf3 {[%emt 0:00:02]} g6 {[%emt 0:00:03]} 4. Nc3 {[%emt 0:00:02]} Bg7
{[%emt 0:00:04]} 5. Bf4 {[%emt 0:00:02]} d6 {[%emt 0:00:22]} 6. e3 {[%emt 0:00:
04]} O-O {[%emt 0:00:57]} 7. c5 {[%emt 0:00:02]} e6 {[%emt 0:01:18]} 8. cxd6 {
[%emt 0:01:15]} cxd6 {[%emt 0:00:04]} 9. Bc4 {[%emt 0:00:05]} a6 {[%emt 0:01:
13]} 10. O-O {[%emt 0:00:25]} Kh8 {[%emt 0:02:20]} 11. Rc1 {[%emt 0:01:10]} Nc6
{[%emt 0:00:44]} 12. Qa4 {[%emt 0:03:32]} Bd7 {[%emt 0:01:08]} 13. Qd1 {
[%emt 0:01:33]} Bc8 {[%emt 0:02:04]} 14. a3 {[%emt 0:00:56]} b5 {[%emt 0:01:36]
} 15. Ba2 {[%emt 0:00:13]} Na5 {[%emt 0:00:32]} 16. Qe2 {[%emt 0:00:57]} Nh5 {
[%emt 0:01:06]} 17. b4 {[%emt 0:00:34]} Nb7 {[%emt 0:00:14]} 18. h4 {[%emt 0:
00:47]} Bd7 {[%emt 0:00:15]} 19. Bh2 {[%emt 0:00:41]} Rc8 {[%emt 0:00:13]} 20.
a4 {[%emt 0:01:04]} Qe8 {[%emt 0:00:16]} 21. axb5 {[%emt 0:00:10]} axb5 {
[%emt 0:00:02]} 22. Rfd1 {[%emt 0:00:22]} Nf6 {[%emt 0:00:27]} 23. Bb1 {
[%emt 0:00:33]} Ng4 {[%emt 0:00:14]} 24. Bg3 {[%emt 0:00:27]} e5 {[%emt 0:00:
30]} 25. dxe5 {[%emt 0:00:05]} dxe5 {[%emt 0:00:01]} 26. Nd5 {[%emt 0:00:28]}
Rxc1 {[%emt 0:00:26]} 27. Rxc1 {[%emt 0:00:01]} Nd6 {[%emt 0:00:05]} 28. Rd1 {
[%emt 0:01:03]} Nc4 {[%emt 0:00:32]} 29. Nd2 {[%emt 0:00:06]} Nxd2 {[%emt 0:00:
09]} 30. Qxd2 {[%emt 0:00:04]} Bc6 {[%emt 0:00:07]} 31. Ba2 {[%emt 0:00:24]}
Qb8 {[%emt 0:00:24]} 32. f3 {[%emt 0:00:05]} Nf6 {[%emt 0:00:05]} 33. Nxf6 {
[%emt 0:00:03]} Bxf6 {[%emt 0:00:02]} 34. Qd6 {[%emt 0:00:05]} Qxd6 {[%emt 0:
00:05]} 35. Rxd6 {[%emt 0:00:02]} Be8 {[%emt 0:00:06]} 36. Rxf6 {[%emt 0:00:03]
} 1-0

[Event "Turning Torso Chess Event 2021"]
[Site "Malmoe"]
[Date "2021.08.22"]
[Round "18.3"]
[White "Grandelius, Nils"]
[Black "Blomqvist, Erik"]
[Result "1/2-1/2"]
[WhiteElo "2666"]
[BlackElo "2537"]
[Annotator "ChessBase"]
[PlyCount "70"]
[EventDate "2021.08.20"]
[EventType "tourn"]
[EventCountry "SWE"]
[SourceTitle "playchess.com"]
[Source "ChessBase"]
[SourceQuality "1"]
[TimeControl "900+5"]

1. c4 {[%emt 0:00:03]} e5 {[%emt 0:00:01]} 2. d3 {[%emt 0:00:02]} Nf6 {[%emt 0:
00:07]} 3. Nf3 {[%emt 0:00:03]} Nc6 {[%emt 0:00:02]} 4. a3 {[%emt 0:00:01]} d5
{[%emt 0:00:38]} 5. cxd5 {[%emt 0:00:04]} Nxd5 {[%emt 0:00:02]} 6. b4 {[%emt 0:
00:58]} a5 {[%emt 0:01:03]} 7. b5 {[%emt 0:00:12]} Nd4 {[%emt 0:00:01]} 8. Bb2
{[%emt 0:00:22]} Nxf3+ {[%emt 0:00:04]} 9. gxf3 {[%emt 0:00:01]} Bd6 {[%emt 0:
00:28]} 10. Nd2 {[%emt 0:00:05]} O-O {[%emt 0:00:08]} 11. Nc4 {[%emt 0:00:13]}
Qh4 {[%emt 0:01:09]} 12. Qd2 {[%emt 0:01:07]} Re8 {[%emt 0:00:14]} 13. e4 {
[%emt 0:03:06]} Nf4 {[%emt 0:01:07]} 14. d4 {[%emt 0:00:14]} Rd8 {[%emt 0:02:
09]} 15. d5 {[%emt 0:01:55]} Qh5 {[%emt 0:00:58]} 16. Qe3 {[%emt 0:01:01]} f6 {
[%emt 0:00:34]} 17. b6 {[%emt 0:01:52]} Bd7 {[%emt 0:02:57]} 18. bxc7 {[%emt 0:
00:43]} Bxc7 {[%emt 0:00:01]} 19. d6 {[%emt 0:00:15]} Bb8 {[%emt 0:00:01]} 20.
Nb6 {[%emt 0:00:54]} Ba7 {[%emt 0:00:03]} 21. Qb3+ {[%emt 0:00:24]} Be6 {
[%emt 0:00:45]} 22. Bc4 {[%emt 0:00:01]} Bxb6 {[%emt 0:01:05]} 23. Bxe6+ {
[%emt 0:00:08]} Nxe6 {[%emt 0:00:12]} 24. Qxe6+ {[%emt 0:00:12]} Qf7 {[%emt 0:
00:33]} 25. Qxf7+ {[%emt 0:00:29]} Kxf7 {[%emt 0:00:02]} 26. Rd1 {[%emt 0:01:
50]} Ke6 {[%emt 0:00:02]} 27. Ke2 {[%emt 0:00:27]} Rxd6 {[%emt 0:00:41]} 28.
Rxd6+ {[%emt 0:00:02]} Kxd6 {[%emt 0:00:02]} 29. Rd1+ {[%emt 0:00:05]} Kc6 {
[%emt 0:00:04]} 30. f4 {[%emt 0:00:19]} exf4 {[%emt 0:00:52]} 31. Rg1 {[%emt 0:
00:00]} g6 {[%emt 0:00:18]} 32. Bxf6 {[%emt 0:00:07]} a4 {[%emt 0:00:41]} 33.
Kf3 {[%emt 0:00:18]} Bc5 {[%emt 0:00:04]} 34. Rc1 {[%emt 0:00:01]} Kb5 {
[%emt 0:00:30]} 35. Rc3 {[%emt 0:00:03]} Kb6 {[%emt 0:00:06]} 1/2-1/2